Fussballer von A-Z Talente - Statistiken

Allgemein
  • Dieses Quiz wurde 1.520 mal gespielt
  • Das Durchschnittsergebnis liegt bei 16 aus 26
Antwortstatistiken
Verein Nationalität Position Spieler % Korrekt
Real Madrid Frankreich Zentrales Mittelfeld Eduardo Camavinga
85%
LOSC Lille Kanada Mittelstürmer Jonathan David
82%
Bayer Leverkusen Niederlande Rechtsverteidiger Jeremie Frimpong
81%
RB Leipzig Spanien Linksverteidiger Angeliño
79%
Borussia Dortmund Niederlande Mittelstürmer Donyell Malen
79%
Bayer Leverkusen Deutschland Offensives Mittelfeld Florian Wirtz
79%
FC Liverpool Portugal Linker Flügel Diogo Jota
77%
Borussia Dortmund USA Offensives Mittelfeld Giovanni Reyna
77%
RB Leipzig Frankreich Offensives Mittelfeld Christopher Nkunku
76%
FC Bayern München Frankreich Inneverteidiger Dayot Upamecano
76%
Real Sociedad Schweden Mittelstürmer Alexander Isak
75%
VFL Wolfsburg Frankreich Innenverteidiger Maxence Lacroix
73%
VFB Stuttgart Kroatien Linksverteidiger Borna Sosa
65%
FC Sevilla Frankreich Innenverteidiger Jules Kounde
65%
AC Florenz Serbien Mittelstürmer Dusan Vlahovic
62%
Tottenham Spurs Niederlande Linker Flügel Steven Bergwijn
59%
VFL Wolfsburg Österreich Zentrales Mittelfeld Xaver Schlager
57%
SSC Neapel Nordmazedonien Zentrales Mittelfeld Eljif Elmas
56%
RB Leipzig Mali Zentrales Mittelfeld Amadou Haidara
55%
Real Sociedad Spanien Linker Flügel Mikel Oyarzabal
53%
FC Barcelona Spanien Innenverteidiger Eric Garcia
50%
FC Arsenal Japan Rechtsverteidiger Takehiro Tomiyasu
45%
AS Rom Italien Rechter Flügel Nicolo Zaniolo
33%
LOSC Lille Türkei Offensives Mittelfeld Yusuf Yazici
21%
Atalanta Bergamo Italien Offensives Mitttelfeld Matteo Pessina
13%
CD Tondela Portugal Innenverteidiger Eduardo Quaresma
11%
Keine übereinstimmenden Quizze gefunden
Verteilung der Resultate
Anzahl Personen mit jedem Resultat
Perzentil nach korrekt beantworteten Fragen
Ihre Resultats-Entwicklung
Sie haben dieses Quiz noch nicht gespielt